Análisis econométrico de las exportaciones de algunos productos mineros, industriales y agrícolas

Saved in:
Bibliografiske detaljer
Hovedforfatter: Solimano, Andrés (Author)
Institution som forfatter: Pontificia Universidad Católica de Chile. Instituto de Economía (Author)
Format: Bog
Sprog:spansk
Udgivet: Santiago Oficina de Publicaciones 1979
Serier:Documento de Trabajo, 63
Fag:
Tags: Tilføj Tag
Ingen Tags, Vær først til at tagge denne postø!

MARC

LEADER 00000nam a2200000 a 4500
001 UCR8473
003 CL-VaPUC
008 980529e19790900CL |||||||||||||||||spa|d
082 0 4 |a 382.6  |b SOL  |2 21 
100 0 |a Solimano, Andrés  |e author  |9 410255 
110 2 |a Pontificia Universidad Católica de Chile. Instituto de Economía  |e author  |9 410256 
245 1 0 |a Análisis econométrico de las exportaciones de algunos productos mineros, industriales y agrícolas 
300 |a 88 p 
942 |c BK 
945 |d 19980529 00:00:00  |a cmena 
260 |a Santiago  |b Oficina de Publicaciones  |c 1979 
650 7 |a COMERCIO INTERNACIONAL  |2 CL-VaPUC  |9 410257 
650 7 |a PRODUCTOS  |2 CL-VaPUC  |9 338640 
650 0 |a Cobre  |9 255767 
650 7 |a HIERRO  |2 CL-VaPUC  |9 357538 
650 7 |a CELULOSA  |2 CL-VaPUC  |9 365812 
650 7 |a PAPEL  |2 CL-VaPUC  |9 410258 
650 7 |a MANZANAS  |2 CL-VaPUC  |9 325516 
650 7 |a UVAS  |2 CL-VaPUC  |9 410259 
650 7 |a PERAS  |2 CL-VaPUC  |9 264840 
583 |a last modification  |c 19980529 00:00:00  |k Rodrigo Vera 
490 0 |a Documento de Trabajo, 63 
999 |c 269877  |d 269875 
952 |0 0  |1 0  |4 0  |6 382_600000000000000_SOL_1979  |7 0  |8 A  |9 303931  |a BIBENE  |b BIBENE  |d 2019-11-20  |i 1407112  |o 382.6 SOL 1979  |p 1407112  |r 2025-01-15  |w 2019-11-20  |y BK  |k ICO